Songs from the First Line(s) - 1990s - Statistics

General Stats
  • This quiz has been taken 598 times
  • The average score is 15 of 40
Answer Stats
Hint Answer % Correct
1997 Yo, I'll tell you what I want / What I really, really want / So tell me what you want / What you really, really want Artist(s) Spice Girls
87%
1997 Yo, I'll tell you what I want / What I really, really want / So tell me what you want / What you really, really want Song Wannabe
78%
1995 As I walk through the valley of the shadow of death / I take a look at my life and realize there's nothin' left Song Gangsta's Paradise
68%
1995 As I walk through the valley of the shadow of death / I take a look at my life and realize there's nothin' left Artist(s) Coolio / L.V.
66%
1998 Every night in my dreams / I see you, I feel you / That is how I know you go on / Far across the distance Artist(s) Celine Dion
62%
1996 An old man turned ninety-eight / He won the lottery and died the next day / It's a black fly in your Chardonnay Song Ironic
60%
1998 Every night in my dreams / I see you, I feel you / That is how I know you go on / Far across the distance Song My Heart Will Go On
60%
1990 It's been seven hours and 15 days / Since you took your love away / I go out every night and sleep all day Song Nothing Compares 2 U
59%
1990 It's been seven hours and 15 days / Since you took your love away / I go out every night and sleep all day Artist(s) Sinéad O'Connor
59%
1996 An old man turned ninety-eight / He won the lottery and died the next day / It's a black fly in your Chardonnay Artist(s) Alanis Morissette
57%
1993 I can show you the world / Shining, shimmering, splendid / Tell me, Princess / Now, when did you last let your heart decide? Song A Whole New World
52%
1999 She's into superstitions / Black cats and voodoo dolls / I feel a premonition / That girl's gonna make me fall Artist(s) Ricky Martin
51%
1999 She's into superstitions / Black cats and voodoo dolls / I feel a premonition / That girl's gonna make me fall Song Livin' la Vida Loca
50%
1998 I could stay awake just to hear you breathin' / Watch you smile while you are sleepin' / While you're far away and dreaming Artist(s) Aerosmith
49%
1991 Look into my eyes / You will see / What you mean to me / Search your heart / Search your soul Artist(s) Bryan Adams
45%
1999 Hi, kids, do you like violence? (Yeah, yeah, yeah) / Wanna see me stick nine-inch nails through each one of my eyelids? (Uh-huh) Artist(s) Eminem
44%
1993 If I should stay / I would only be in your way / So I'll go, but I know / I'll think of you every step of the way Artist(s) Whitney Houston
41%
1991 Look into my eyes / You will see / What you mean to me / Search your heart / Search your soul Song (Everything I Do) I Do It for You
40%
1993 If I should stay / I would only be in your way / So I'll go, but I know / I'll think of you every step of the way Song I Will Always Love You
38%
1993 I can show you the world / Shining, shimmering, splendid / Tell me, Princess / Now, when did you last let your heart decide? Artist(s) Peabo Bryson / Regina Belle
38%
1998 I could stay awake just to hear you breathin' / Watch you smile while you are sleepin' / While you're far away and dreaming Song I Don't Want to Miss a Thing
34%
1999 Hi, kids, do you like violence? (Yeah, yeah, yeah) / Wanna see me stick nine-inch nails through each one of my eyelids? (Uh-huh) Song My Name Is
25%
1997 I'll be your dream, I'll be your wish, I'll be your fantasy / I'll be your hope, I'll be your love, be everything that you need Artist(s) Savage Garden
25%
1991 I took my baby on a Saturday bang / Boy is that girl with you? / Yes we're one and the same / Now I believe in miracles Artist(s) Michael Jackson
24%
1997 I'll be your dream, I'll be your wish, I'll be your fantasy / I'll be your hope, I'll be your love, be everything that you need Song Truly Madly Deeply
24%
1990 I wake up in the morning and I raise my weary head / I've got an old coat for a pillow, and the earth was last night's bed Artist(s) Jon Bon Jovi
22%
1994 There's a calm surrender to the rush of day / When the heat of a rolling wind can be turned away / An enchanted moment Artist(s) Elton John
21%
1996 Shorty get down, good Lord / Baby got 'em open all over town / Strictly biz, she don't play around Song No Diggity
20%
1992 Sometimes the snow comes down in June / Sometimes the sun goes 'round the moon / I see the passion in your eyes Song Save the Best for Last
20%
1994 There used to be a greying tower alone on the sea / And you became the light on the dark side of me Artist(s) Seal
20%
1995 A lonely mother gazing out of the window / Staring at a son that she just can't touch / If at any time he's in a jam, she'll be by his side Artist(s) TLC
20%
1995 A lonely mother gazing out of the window / Staring at a son that she just can't touch / If at any time he's in a jam, she'll be by his side Song Waterfalls
20%
1996 Shorty get down, good Lord / Baby got 'em open all over town / Strictly biz, she don't play around Artist(s) Blackstreet / Dr. Dre
18%
1990 I wake up in the morning and I raise my weary head / I've got an old coat for a pillow, and the earth was last night's bed Song Blaze of Glory
18%
1994 There used to be a greying tower alone on the sea / And you became the light on the dark side of me Song Kiss from a Rose
18%
1992 Sometimes the snow comes down in June / Sometimes the sun goes 'round the moon / I see the passion in your eyes Artist(s) Vanessa Williams
18%
1991 I took my baby on a Saturday bang / Boy is that girl with you? / Yes we're one and the same / Now I believe in miracles Song Black or White
17%
1994 There's a calm surrender to the rush of day / When the heat of a rolling wind can be turned away / An enchanted moment Song Can You Feel the Love Tonight
17%
1992 We belong together / And you know that I'm right / Why do you play with my heart / Why do you play with my mind? Artist(s) Boyz II Men
10%
1992 We belong together / And you know that I'm right / Why do you play with my heart / Why do you play with my mind? Song End of the Road
8%
No matching quizzes found
Score Distribution
Percent of People with Each Score
Percentile by Number Answered
Your Score History
You have not taken this quiz